Deuxième congrès de l'association française de calcul et de traitement, de l'information, AFCALTI, Paris, 18-19-20 octobre 1961 / (Record no. 52094)
[ view plain ]
| 000 -LEADER | |
|---|---|
| fixed length control field | 00763nam a22002175u 4500 |
| 001 - CONTROL NUMBER | |
| control field | 52094 |
| 003 - CONTROL NUMBER IDENTIFIER | |
| rucl marc code | BD-RjUL |
| 005 - DATE AND TIME OF LATEST TRANSACTION | |
| control field | 20211209075743.0 |
| 008 - FIXED-LENGTH DATA ELEMENTS--GENERAL INFORMATION | |
| fixed length control field | 160905s1962 fr 100 0 fre d |
| 035 ## - SYSTEM CONTROL NUMBER | |
| System control number | (BD-RjUL)52214 |
| 040 ## - CATALOGING SOURCE | |
| Original cataloging agency | UkOxU |
| Language of cataloging | eng |
| Transcribing agency | UkOxU |
| Modifying agency | BD-RjUL |
| 041 ## - LANGUAGE CODE | |
| Language code of text/sound track or separate title | eng |
| 082 ## - DEWEY DECIMAL CLASSIFICATION NUMBER | |
| Edition number | 23 |
| Classification number | 004 |
| Author mark and year | AFD 1962 |
| 110 1# - MAIN ENTRY--CORPORATE NAME | |
| Corporate name or jurisdiction name as entry element | AFCALTI, Paris. |
| Subordinate unit | Congrès. |
| Number of part/section/meeting | (2nd : |
| Date of meeting or treaty signing | 1961 : |
| Location of meeting | Paris) |
| 9 (RLIN) | 155793 |
| 245 10 - TITLE STATEMENT | |
| Title | Deuxième congrès de l'association française de calcul et de traitement, de l'information, AFCALTI, Paris, 18-19-20 octobre 1961 / |
| Statement of responsibility, etc. | AFCALTI |
| 260 ## - PUBLICATION, DISTRIBUTION, ETC. (IMPRINT) | |
| Place of publication, distribution, etc. | Paris : |
| Name of publisher, distributor, etc. | Gauthier-Villars, |
| Date of publication, distribution, etc. | 1962. |
| 300 ## - PHYSICAL DESCRIPTION | |
| Pagination | 524 p. : |
| Illustrations | fig. |
| Size | 25 cm. |
| 650 ## - SUBJECT ADDED ENTRY--TOPICAL TERM | |
| Topical term or geographic name as entry element | Computers |
| General subdivision | Congresses. |
| 9 (RLIN) | 154277 |
| Topical term or geographic name as entry element | Electronic data processing |
| General subdivision | Congresses. |
| 9 (RLIN) | 155794 |
| 942 ## - ADDED ENTRY ELEMENTS (KOHA) | |
| Source of classification or shelving scheme | Dewey Decimal Classification |
| Koha item type | Books |
| Lost status | Source of classification or shelving scheme | Damaged status | Not for loan | Collection code | Permanent Location | Current Location | Shelving location | Date acquired | Source of acquisition | Cost, normal purchase price | Total Checkouts | Full call number | Date last seen | Copy number | Koha item type |
|---|---|---|---|---|---|---|---|---|---|---|---|---|---|---|---|
| Dewey Decimal Classification | Not For Loan | Non-fiction | Central Library, University of Rajshahi | Central Library, University of Rajshahi | Reading Room | 05/04/1965 | Zeitlinger | 195.00 | 004 AFD 1962 | 05/09/2016 | C-1 | Books |